000 00673nam a2200217 a 4500
001 32834
003 BD-RjUL
005 20211209051913.0
008 161204m19541927pk 000 0 eng d
035 _a(BD-RjUL)32924
040 _aTEU
_cTEU
_dBD-RjUL
_beng
041 _aeng
082 0 4 _a297.09
_bBUC 1954
_223
100 1 _aBukhsh, Khuda S.
_919168
245 1 0 _aCaliphate :
_bstudies in social and political conditions, literary & scientific activities, its decline & fall /
_cby S. Khuda Bukhsh
250 _a1st ed.
260 _aLahore :
_bOrinetalia,
_c1927,[Reprinted 1954]
300 _a106 p. ;
_c22 cm.
650 0 _aIslam
_977563
_xHistory.
942 _2ddc
_cBK
999 _c32834
_d32834